00645nam a2200181Ia 4500008004100000020001500041040001800056041000800074245007400082250001200156260004000168300001600208490004200224600007300266600008400339650001600423700002400439130821s1971 sp gr spa  a8422002574 aCo-BoUCMbspa aspa aObras de San AgustíncIntroducción y notas de Victorino Capanaga. a5a. Ed. aMadrid (España)bCatólicac1971 a[1 volumen] aBiblioteca de Autores Cristianosv 21 aAgustíncSantocObispo de Hiponad354-430vColecciones de escritos aAgustíncSantocObispo de Hiponad354-430xCrítica e interpretación, etc.04aFilosofía aCapanaga, Victorino